| 000 | 00337nam a2200121Ia 4500 | ||
|---|---|---|---|
| 008 | 210430s9999 xx 000 0 und d | ||
| 082 | _a530 N139M | ||
| 100 | _aMusaddiq M.H.,M.Naeem,Naseem M.Rafique | ||
| 245 |
_aModern Physics _cMusaddiq M.H.,M.Naeem,Naseem M.Rafique |
||
| 260 |
_aLahore _c1989 |
||
| 300 | _a301p. | ||
| 942 |
_cBK _2ddc |
||
| 999 |
_c565572 _d565572 |
||